000 02688nam0a2200409 4500
001 RU\NLR\bibl\1705601
005 20260408010202.0
010 _a978-5-7944-1445-5
_975
021 _aRU
_b2010-82883
_95525
035 _a(NLR Aleph) 001696653
090 _a1194306
_c1194306
100 _a20100820d2010 |||y0rusy50 ca
101 0 _arus
102 _aRU
105 _aa |||||||||
200 1 _aВопросы гидрологии, геоэкологии и охраны водных объектов
_eматериалы межрегиональной научно-практической конференции студентов, магистров и аспирантов (22-24 апреля 2010 г.)
_f[науч. ред. д.г.н., проф. С.А. Двинских и др.]
210 _aПермь
_cРедакционно-издательский отдел Пермского государственного университета
_d2010
_gИД "Пресстайм"
215 _a128 с.
_cил., карт., план.
_d21
300 _aВ надзаг.: Федер. агентство по образованию, Гос. образоват. учреждение высш. проф. образования "Перм. гос. ун-т", М-во пром-сти, инноваций и науки Перм. края
320 _aБиблиогр. в конце отд. ст.
606 1 _aВодные ресурсы
_jСъезды, совещания и т.п.
_xГеоэкологические исследования
_yПермский край
_92536495
_3RU\NLR\auth\661502039
606 1 _aВодные ресурсы
_jСъезды, совещания и т.п.
_xОхрана
_yПермский край
_92490149
_3RU\NLR\auth\661477608
607 _aПермский край
_jСъезды, совещания и т.п.
_xГидрология
_92536491
_3RU\NLR\auth\661502037
686 _a26.22я431
_vLBC/RL
_2rubbk
686 _a28.081
_vLBC/RL
_2rubbk
686 _aД229(2Р36-4Пе)я431
686 _aД220.8(2Р36-4Пе)я431
702 1 _4340
_aДвинских
_bС. А.
_cд-р геогр. наук
_f1948-
_gСветлана Александровна
_9167525
_3RU\NLR\AUTH\770167572
711 1 2 _aМежрегиональная научно-техническая конференция студентов, магистров и аспирантов
_eПермь
_f2010
_9838757
_3RU\NLR\AUTH\8810171464
801 0 _aRU
_bПермская ГОУБ
_c20100820
_grcr
801 1 _aRU
_bПермская ГОУБ
_c20100820
_2rusmarc
801 2 _aRU
_bNLR
_c20101124
_grcr
942 _cBOOK
980 _aNB
980 _aNBR